| 000 | 00625nam a2200169 i 4500 | ||
|---|---|---|---|
| 001 | 94748 | ||
| 003 | ES-MaACL | ||
| 005 | 20230906181539.0 | ||
| 007 | t| | ||
| 008 | 050513s1965 sp ||||1| spa d | ||
| 100 | 1 |
_aLozano de Mingo, Fernando. _974439 |
|
| 245 | 1 | 0 |
_aSiete normas a tener en cuenta por todo ganadero que se dedique a la explotación del ganado porcino / _cpor Fernando Lozano de Mingo. |
| 260 |
_aLogroño : _bJunta Provincial de Fomento Pecuario, _c1965. |
||
| 300 |
_a26 p., 2 lám. ; _c22 cm. |
||
| 710 | 2 |
_aJunta Provincial de Fomento Pecuario (Logroño) _95421 |
|
| 852 |
_aES-MaACL _j2046-F-13 _bR.59604 |
||
| 999 |
_c94748 _d94748 |
||